书目信息 |
| 题名: |
山东半岛典型生态区地质地球化学环境研究
|
|
| 作者: | 庞绪贵 著 | |
| 分册: | ||
| 出版信息: | 北京 地质出版社 2019.10 |
|
| 页数: | 248页 | |
| 开本: | 26cm | |
| 丛书名: | ||
| 单 册: | ||
| 中图分类: | P596.2 | |
| 科图分类: | ||
| 主题词: | ||
| 电子资源: | ||
| ISBN: | 978-7-116-11653-5 | |
| 000 | 01185nam0 2200253 450 | |
| 001 | 0100016002 | |
| 005 | 20200929160439.0 | |
| 010 | @a978-7-116-11653-5@dCNY46.00 | |
| 100 | @a20200404d2019 em y0chiy50 ea | |
| 101 | 0 | @achi |
| 102 | @aCN@b110000 | |
| 105 | @aab a 000yy | |
| 106 | @ar | |
| 200 | 1 | @a山东半岛典型生态区地质地球化学环境研究@Ashan dong ban dao dian xing sheng tai qu di zhi di qiu hua xue huan jing yan jiu@f庞绪贵 ... [等] 著 |
| 210 | @a北京@c地质出版社@d2019.10 | |
| 215 | @a248页@c图, 地图@d26cm | |
| 304 | @a题名页题其余责任者: 高宗军, 王敏, 代杰瑞, 刘汉栋, 田红等 | |
| 320 | @a有书目 (第244-248页) | |
| 330 | @a本书通过采集不同地质单元基岩、土壤、地表水、地下水、大气降尘、果品以及对应的根、茎、叶等生物样品, 对样品中的主量、微量元素含量, 土壤理化性质及农产品有机组份等进行检测分析, 开展了多介质、多指标、综合性的生态地球化学评价, 查明了区域内岩石、表层土壤、深层土壤、浅层地下水、植物 (主要农产品) 等各类介质的元素地球化学特征。 | |
| 607 | @a山东半岛@Ashan dong ban dao@x生态区@x地质地球化学@x地球化学环境@x研究 | |
| 690 | @aP596.2@v5 | |
| 701 | 0 | @a庞绪贵@Apang xu gui@4著 |
| 801 | 0 | @aCN@c20200404 |
| 905 | @a河南城建学院图书馆@dP596.2@f2@eP331 | |
| 山东半岛典型生态区地质地球化学环境研究/庞绪贵 ... [等] 著.-北京:地质出版社,2019.10 |
| 248页:图, 地图;26cm |
| ISBN 978-7-116-11653-5:CNY46.00 |
| 本书通过采集不同地质单元基岩、土壤、地表水、地下水、大气降尘、果品以及对应的根、茎、叶等生物样品, 对样品中的主量、微量元素含量, 土壤理化性质及农产品有机组份等进行检测分析, 开展了多介质、多指标、综合性的生态地球化学评价, 查明了区域内岩石、表层土壤、深层土壤、浅层地下水、植物 (主要农产品) 等各类介质的元素地球化学特征。 |
| ● |
| 相关链接 |
|
|
|
正题名:山东半岛典型生态区地质地球化学环境研究
索取号:P596.2/P331
 
预约/预借
| 序号 | 登录号 | 条形码 | 馆藏地/架位号 | 状态 | 备注 |
| 1 | 1492812 | 214928122 | 期刊室512/401自科库 124排2列6层/ [索取号:P596.2/P331] | 在馆 | |
| 2 | 1492813 | 214928131 | 自科库401/401自科库 130排1列3层/ [索取号:P596.2/P331] | 在馆 |